Statistics for Forest Coverage by U.S. State

Click here to take the quiz!

General Stats

  • This quiz has been taken 10 times
  • The average score is 7 of 56

Answer Stats

%Answer% Correct
89.46%Maine
100%
84.32%New Hampshire
71%
77.81%Vermont
57%
70.57%Alabama
29%
25.64%Arizona
29%
4.78%Kansas
29%
34.48%Utah
29%
79.01%West Virginia
29%
56.31%Arkansas
14%
27.26%Delaware
14%
67.28%Georgia
14%
13.64%Illinois
14%
21.06%Indiana
14%
8.43%Iowa
14%
49.35%Kentucky
14%
53.20%Louisiana
14%
34.08%Minnesota
14%
65.07%Mississippi
14%
27.45%Montana
14%
3.20%Nebraska
14%
15.89%Nevada
14%
31.99%New Mexico
14%
59.73%North Carolina
14%
1.72%North Dakota
14%
30.92%Ohio
14%
28.80%Oklahoma
14%
48.51%Oregon
14%
68.19%South Carolina
14%
3.93%South Dakota
14%
52.83%Tennessee
14%
62.93%Virginia
14%
52.74%Washington
14%
18.42%Wyoming
14%
35.16%Alaska
0%
80.84%American Samoa
0%
32.71%California
0%
34.42%Colorado
0%
55.24%Connecticut
0%
33.90%District of Columbia
0%
50.68%Florida
0%
52.82%Guam
0%
42.53%Hawaii
0%
40.55%Idaho
0%
39.36%Maryland
0%
60.57%Massachusetts
0%
55.62%Michigan
0%
35.16%Missouri
0%
41.72%New Jersey
0%
62.88%New York
0%
80.37%Northern Mariana Islands
0%
58.60%Pennsylvania
0%
55.62%Puerto Rico
0%
54.38%Rhode Island
0%
37.33%Texas
0%
57.16%U.S. Virgin Islands
0%
48.98%Wisconsin
0%

Score Distribution

Percentile by Number Answered

Percent of People with Each Score

Your Score History

You have not taken this quiz